[Event "Salou Salauris op 1st"]
[Site "Salou"]
[Date "2021.06.27"]
[Round "6"]
[White "Martinez Garcia, Adria"]
[Black "Villadent Isern, Joaquim"]
[Result "1/2-1/2"]
[WhiteElo "1531"]
[BlackElo "1666"]
[PlyCount "74"]
[EventDate "2021.06.25"]
[EventType "swiss"]
[EventRounds "7"]
[EventCountry "ESP"]
[SourceTitle "CBM 203 Extra"]
[Source "ChessBase"]
[SourceDate "2021.09.30"]
[SourceVersion "1"]
[SourceVersionDate "2021.09.30"]
[SourceQuality "1"]

1. e4 Nf6 2. e5 Nd5 3. d4 d6 4. Nf3 Bg4 5. Be2 Nc6 6. c4 Nb6 7. exd6 exd6 8. d5 Bxf3 9. Bxf3 Ne5 10. b3 Be7 11. Bb2 Bf6 12. Nc3 0-0 13. Be4 Nbd7 14. 0-0 Nc5 15. Bc2 Qd7 16. h3 Rfe8 17. Rb1 Re7 18. Qh5 g6 19. Qd1 Qe8 20. Nb5 a5 21. f4 Ned7 22. Nxc7 Qd8 23. Nxa8 Qxa8 24. Re1 Qa7 25. Kh1 Rxe1+ 26. Qxe1 Bxb2 27. Rxb2 Nf6 28. Qe7 Kg7 29. Qxd6 Ncd7 30. c5 Nxc5 31. Qe5 Ncd7 32. Qc3 Qf2 33. Bd3 Qxf4 34. Bc4 Nc5 35. Rc2 Nce4 36. Qe1 Ng3+ 37. Kg1 Nf5 1/2-1/2

[Event "Salou Salauris op 1st"]
[Site "Salou"]
[Date "2021.06.26"]
[Round "5"]
[White "Villadent Isern, Joaquim"]
[Black "Aymat Satue, Joan"]
[Result "1/2-1/2"]
[WhiteElo "1666"]
[BlackElo "1509"]
[PlyCount "46"]
[EventDate "2021.06.25"]
[EventType "swiss"]
[EventRounds "7"]
[EventCountry "ESP"]
[SourceTitle "CBM 203 Extra"]
[Source "ChessBase"]
[SourceDate "2021.09.30"]
[SourceVersion "1"]
[SourceVersionDate "2021.09.30"]
[SourceQuality "1"]

1. b3 d5 2. Bb2 Nf6 3. e3 Bg4 4. Be2 Bxe2 5. Nxe2 e6 6. 0-0 Be7 7. c4 0-0 8. cxd5 Nxd5 9. Nbc3 Nxc3 10. Bxc3 Nd7 11. Qc2 Bf6 12. d4 Rc8 13. Rfd1 Qe7 14. Qd2 Rfd8 15. Rac1 c5 16. Qb2 cxd4 17. Bxd4 Bxd4 18. Rxd4 Rxc1+ 19. Qxc1 Nb6 20. g3 Rxd4 21. Nxd4 a6 22. a4 Qd7 23. Qc2 g6 1/2-1/2

[Event "Cardona Memorial 22nd"]
[Site "Catalunya"]
[Date "2019.03.30"]
[Round "5"]
[White "Villadent Isern, Joaquim"]
[Black "Cabanillas Roca, Christian"]
[Result "1-0"]
[WhiteElo "1653"]
[BlackElo "1782"]
[PlyCount "97"]
[EventDate "2019.03.16"]
[EventType "swiss"]
[EventRounds "8"]
[EventCountry "ESP"]
[SourceTitle "EXT 2020"]
[Source "ChessBase"]
[SourceDate "2019.10.17"]
[SourceVersion "1"]
[SourceVersionDate "2019.10.17"]
[SourceQuality "1"]

1. b3 e5 2. Bb2 Nc6 3. e3 a6 4. c4 Nf6 5. Nc3 d5 6. cxd5 Nxd5 7. Bc4 Nf6 8. Qf3 Nb4 9. Rc1 Nd3+ 10. Bxd3 Qxd3 11. Qe2 Qxe2+ 12. Ngxe2 Bd6 13. 0-0 Bf5 14. d4 0-0-0 15. d5 Bd3 16. Rfd1 e4 17. Ng3 Bxg3 18. hxg3 Nxd5 19. Nxd5 Rxd5 20. Bxg7 Rg8 21. Bh6 Rg6 22. Bf4 c6 23. Rc3 Re6 24. f3 f5 25. g4 Rg6 26. gxf5 Rxf5 27. fxe4 Bxe4 28. g3 Rh5 29. Kf2 Rh2+ 30. Ke1 Rxa2 31. Rc4 Bc2 32. Rdd4 Bxb3 33. Rc3 Ra1+ 34. Kf2 Bf7 35. Rcd3 Rg8 36. Rd7 Ra2+ 37. Ke1 Bd5 38. Rc7+ Kb8 39. e4 Bxe4 40. Re7+ Ka7 41. Rxe4 h5 42. Re7 Rb2 43. Be3+ Ka8 44. Red7 Rb1+ 45. Kd2 b5 46. Ra7+ Kb8 47. Rdd7 Kc8 48. Bf4 Rb2+ 49. Kc1 1-0

[Event "Cardona Memorial 22nd"]
[Site "Catalunya"]
[Date "2019.03.30"]
[Round "6"]
[White "Villadent Isern, Joaquim"]
[Black "Olive Oller, Guim"]
[Result "0-1"]
[WhiteElo "1653"]
[BlackElo "1790"]
[PlyCount "82"]
[EventDate "2019.03.16"]
[EventType "swiss"]
[EventRounds "8"]
[EventCountry "ESP"]
[SourceTitle "EXT 2020"]
[Source "ChessBase"]
[SourceDate "2019.10.17"]
[SourceVersion "1"]
[SourceVersionDate "2019.10.17"]
[SourceQuality "1"]

1. b3 d5 2. Bb2 c5 3. e3 Nf6 4. Nf3 g6 5. Be2 Bg7 6. 0-0 0-0 7. Na3 Nc6 8. c4 d4 9. exd4 Ne8 10. Ne5 Nxd4 11. Bxd4 Qxd4 12. Nd3 Qxa1 13. Qxa1 Bxa1 14. Rxa1 b6 15. Bf3 Rb8 16. Re1 Be6 17. Ne5 Rd8 18. Rd1 f6 19. Nc6 Rd7 20. Re1 Kf7 21. Nb5 a6 22. Nc3 Ng7 23. Bd5 Rc8 24. Bf3 Nf5 25. g3 Nd4 26. Nxd4 Rxd4 27. Ne4 Rcd8 28. Bg2 Bf5 29. h3 e5 30. g4 Bxe4 31. Bxe4 Rxd2 32. Bd5+ Kf8 33. f4 R2xd5 34. cxd5 Rxd5 35. fxe5 Rxe5 36. Rd1 Ke7 37. Rd2 Re6 38. Kf2 Rd6 39. Re2+ Kd7 40. Kg3 g5 41. h4 Rd3+ 0-1

[Event "Tarrega Tardor op 1st"]
[Site "Tarrega"]
[Date "2015.11.06"]
[Round "6"]
[White "Villadent Isern, Joaquim"]
[Black "Barrot Farre, Salvador"]
[Result "1-0"]
[WhiteElo "1824"]
[BlackElo "1897"]
[PlyCount "67"]
[EventDate "2015.10.02"]
[EventType "swiss"]
[EventRounds "8"]
[EventCountry "ESP"]
[SourceTitle "CBM 169 Extra"]
[Source "ChessBase"]
[SourceDate "2015.12.18"]
[SourceVersion "1"]
[SourceVersionDate "2015.12.18"]
[SourceQuality "1"]

1. c4 c5 2. Nc3 d6 3. g3 Nc6 4. Bg2 Nf6 5. d3 Bg4 6. f3 Bd7 7. e3 e5 8. Nge2 Be7 9. h3 Be6 10. f4 exf4 11. Nxf4 0-0 12. 0-0 Qd7 13. Kh2 Ne5 14. Ncd5 Nxd5 15. cxd5 Bf5 16. e4 Bg6 17. b3 Bf6 18. Rb1 Qb5 19. Be3 Rfe8 20. d4 cxd4 21. Bxd4 Qb4 22. Nxg6 hxg6 23. Bxe5 Bxe5 24. Qf3 Re7 25. Rbc1 Qa5 26. a4 Rc7 27. h4 Rac8 28. Qxf7+ Rxf7 29. Rxc8+ Kh7 30. Rxf7 Qe1 31. Rf3 Qxe4 32. Rh8+ Kxh8 33. Rf8+ Kh7 34. Bxe4 1-0

[Event "Tarrega Tardor op 1st"]
[Site "Tarrega"]
[Date "2015.10.23"]
[Round "4"]
[White "Serra Soto, Salvador"]
[Black "Villadent Isern, Joaquim"]
[Result "1-0"]
[WhiteElo "2125"]
[BlackElo "1824"]
[PlyCount "69"]
[EventDate "2015.10.02"]
[EventType "swiss"]
[EventRounds "8"]
[EventCountry "ESP"]
[SourceTitle "CBM 169 Extra"]
[Source "ChessBase"]
[SourceDate "2015.12.18"]
[SourceVersion "1"]
[SourceVersionDate "2015.12.18"]
[SourceQuality "1"]

1. e4 c6 2. d4 d5 3. exd5 cxd5 4. Bd3 Nf6 5. Nf3 Nc6 6. 0-0 Bg4 7. c3 e6 8. Bg5 Be7 9. Nbd2 0-0 10. Qc2 h6 11. Bh4 a6 12. Rae1 Rc8 13. Qb1 Nh5 14. Bxe7 Nxe7 15. Nh4 Nf4 16. Bc2 Be2 17. g3 Bxf1 18. Kxf1 Nfg6 19. Ng2 Nc6 20. h4 e5 21. h5 Nge7 22. dxe5 d4 23. Nf3 dxc3 24. bxc3 Qc7 25. Nf4 Na5 26. Ne2 Nc4 27. e6 fxe6 28. Bh7+ Kh8 29. Ned4 Qb6 30. Qd3 e5 31. Nxe5 Nxe5 32. Rxe5 Nc6 33. Re6 Rcd8 34. Qe4 Nxd4 35. Rxb6 1-0

[Event "Tarrega Tardor op 1st"]
[Site "Tarrega"]
[Date "2015.10.16"]
[Round "3"]
[White "Ponsarnau Marquilles, Jaume"]
[Black "Villadent Isern, Joaquim"]
[Result "1-0"]
[WhiteElo "2039"]
[BlackElo "1824"]
[PlyCount "116"]
[EventDate "2015.10.02"]
[EventType "swiss"]
[EventRounds "8"]
[EventCountry "ESP"]
[SourceTitle "CBM 169 Extra"]
[Source "ChessBase"]
[SourceDate "2015.12.18"]
[SourceVersion "1"]
[SourceVersionDate "2015.12.18"]
[SourceQuality "1"]

1. g4 d5 2. c4 c6 3. Qb3 dxc4 4. Qxc4 Qd5 5. Qf4 e5 6. Qg3 Nf6 7. h3 Bd6 8. Nc3 Qxh1 9. Nf3 Bxg4 10. hxg4 e4 11. Qxd6 exf3 12. d3 fxe2 13. Kxe2 Qh4 14. f3 Nd5 15. Nxd5 cxd5 16. g5 Qd4 17. Bd2 Qb6 18. Qa3 Nc6 19. Re1 0-0-0 20. Rc1 Kb8 21. Kd1 Qf2 22. Rc5 Qxf1+ 23. Kc2 Rc8 24. Qc3 Nd4+ 25. Qxd4 Qxf3 26. Rc3 Rxc3+ 27. bxc3 Qf5 28. a4 f6 29. Be3 b6 30. a5 Qe6 31. a6 Re8 32. Bf4+ Kc8 33. gxf6 gxf6 34. Qa4 h5 35. Bd2 Qd7 36. Qh4 Qc6 37. Qh3+ Qd7 38. Qxh5 d4 39. c4 Qa4+ 40. Kb2 Qd7 41. Qh1 Kd8 42. Bb4 Re2+ 43. Kb3 Re8 44. Qa8+ Qc8 45. Qxa7 Qc7 46. Qa8+ Qc8 47. Qd5+ Qd7 48. Bd6 Re6 49. Qa8+ Qc8 50. Bb8 Re7 51. Qd5+ Ke8 52. Qg8+ Kd7 53. Qd5+ Ke8 54. a7 Rxa7 55. Bxa7 Qd7 56. Bxb6 Qxd5 57. cxd5 Kd7 58. Bxd4 f5 1-0

[Event "Tarragona Province-ch B"]
[Site "Tarragona"]
[Date "2015.10.11"]
[Round "3.2"]
[White "Carrete Recasens, Jordi"]
[Black "Villadent Isern, Joaquim"]
[Result "1-0"]
[WhiteElo "1939"]
[BlackElo "1831"]
[PlyCount "95"]
[EventDate "2015.09.27"]
[EventType "swiss"]
[EventRounds "9"]
[EventCountry "ESP"]
[SourceTitle "EXT 2024"]
[Source "ChessBase"]
[SourceDate "2023.10.10"]
[SourceVersion "1"]
[SourceVersionDate "2023.10.10"]
[SourceQuality "1"]

1. Nf3 f5 2. Nc3 Nf6 3. e3 e6 4. d4 c6 5. Bc4 d5 6. Bd3 Bd6 7. Bd2 b5 8. a3 Nbd7 9. Ne2 0-0 10. Ng3 Qe8 11. b3 a5 12. c4 Ba6 13. c5 Bxg3 14. hxg3 Bb7 15. b4 a4 16. Nh2 Qg6 17. Nf3 Ng4 18. Qe2 Qf6 19. Bc3 Nh6 20. Kd2 Nf7 21. Rh4 Ng5 22. Nxg5 Qxg5 23. Rh5 Qe7 24. Rah1 Nf6 25. R5h3 h6 26. f3 Rf7 27. Kc2 Raf8 28. Rh4 Bc8 29. g4 fxg4 30. Bg6 gxf3 31. Bxf7+ Rxf7 32. gxf3 Nh7 33. Rf4 Ng5 34. Rxf7 Qxf7 35. f4 Ne4 36. Qh5 Qf8 37. Qg6 Kh8 38. Rg1 Qg8 39. Qh5 Qf8 40. Qg6 Qg8 41. Qh5 Qh7 42. Qe8+ Qg8 43. Qxc6 Qf8 44. Qxb5 Qf5 45. Qc6 Ba6 46. b5 Nxc5+ 47. Kb2 Nd3+ 48. Ka1 1-0